000 00852nam a22002897a 4500
001 BR2010002618
003 BR-BrBNA
005 20230928103316.0
007 ta
008 230509b bl.||||| |||| 00| 0 por d
040 _aBR-BrBNA
_bpor
_cBiblioteca Nacional de Agricultura
041 _a(Por)
072 _aP01; P40
090 _ P01 BR2010002618
110 1 _aFundação Estadual do Meio Ambiente, Belo Horizonte, MG (Brasil)
_95138
245 1 _aInventário de emissões de gases de efeito estufa do estado de Minas Gerais
260 3 _aBelo Horizonte, MG (Brasil):
_c2008.
300 _a119 p.
500 _aBibliography p. 117-118; 58 tables; 33 illus.
650 _aCLIMA
650 _aVARIAÇÃO SAZONAL
650 _aGAS
650 _aTOXICO
650 _aINVENTÁRIO
909 _a202309
_bLucia
_c55
_dLucia Elande
942 _cBK
999 _c74537
_d74537